| 000 | 00648nam a2200169Ia 4500 | ||
|---|---|---|---|
| 008 | 140609s9999 xx 000 0 und d | ||
| 020 | _a9780823026654 | ||
| 050 |
_aNC 730 _b.C516 2011 |
||
| 100 | _aChelsea, David. | ||
| 245 |
_aExtreme perspective for artists : _blearn the secrets of curvilinear, cylindrical, fisheye, isometric, and other amazing drawing systems that will make your drawings pop off the page / _cDavid Chealsea, |
||
| 260 |
_aNew York : _b Watson-Guptill Publications, _cc2011. |
||
| 300 |
_a176 p. : _bcol. Ill. ; _c26 cm. |
||
| 500 | _aIncludes glossary and index. | ||
| 521 | _aGE | ||
| 942 |
_kLOC _cBK |
||
| 999 |
_c118124 _d118124 |
||